<?xml version="1.0" encoding="UTF-8"?>
<collection xmlns="http://www.loc.gov/MARC21/slim">
 <record>
  <leader>     na                 </leader>
  <controlfield tag="001">INLIS000000001504756</controlfield>
  <controlfield tag="005">20260429112825</controlfield>
  <datafield tag="035" ind1=" " ind2=" ">
   <subfield code="a">0010-0426000078</subfield>
  </datafield>
  <controlfield tag="007">ta</controlfield>
  <controlfield tag="008">260429                |          | |  </controlfield>
  <datafield tag="082" ind1=" " ind2=" ">
   <subfield code="a">L.310-25154</subfield>
  </datafield>
  <datafield tag="084" ind1=" " ind2=" ">
   <subfield code="a">L.310-25154 REV p</subfield>
  </datafield>
  <datafield tag="100" ind1="0" ind2=" ">
   <subfield code="a">REVIENCY</subfield>
   <subfield code="e">Pengarang</subfield>
  </datafield>
  <datafield tag="245" ind1="1" ind2=" ">
   <subfield code="a">PENAMBAHAN BIOAKTIVATOR MICROBACTER ALFAAFA 11 (MA11) PADA PEMBUATAN PUPUK ORGANIK PADAT (BOKASHI) DARI KOHE KAMBING /</subfield>
   <subfield code="c">Polbangtan Malang</subfield>
  </datafield>
  <datafield tag="300" ind1=" " ind2=" ">
   <subfield code="a">62 hlm</subfield>
  </datafield>
  <datafield tag="650" ind1=" " ind2="4">
   <subfield code="a">Bokashi, kohe kambing, MA11, uji organoleptik, analisis finansial</subfield>
  </datafield>
  <datafield tag="520" ind1=" " ind2=" ">
   <subfield code="a">Limbah peternakan, khususnya kotoran kambing (kohe), belum dimanfaatkan&#13;
secara optimal oleh peternak rakyat, padahal memiliki potensi yang tinggi sebagai&#13;
bahan dasar pupuk organik. Proses pembuatan pupuk bokashi secara&#13;
konvensional sering menghadapi kendala seperti waktu fermentasi yang lama dan&#13;
mutu fisik yang kurang seragam. Penambahan bioaktivator Microbacter Alfaafa 11&#13;
(MA11) diyakini dapat mempercepat proses fermentasi dan meningkatkan kualitas&#13;
pupuk. Penelitian ini bertujuan untuk menganalisis pengaruh penambahan MA11&#13;
terhadap kualitas fisik pupuk bokashi dari kohe kambing, menilai kelayakan usaha&#13;
secara finansial, serta menyusun rencana usaha. Penelitian menggunakan&#13;
Rancangan Acak Lengkap (RAL) dengan empat perlakuan dan lima ulangan.&#13;
Parameter yang diamati meliputi warna, aroma, dan tekstur (melalui uji&#13;
organoleptik), serta analisis finansial (RC/Ratio, BC/Ratio, BEP, dan ROI. Hasil&#13;
menunjukkan bahwa perlakuan terbaik terdapat pada penambahan MA11&#13;
sebanyak 500 ml, dengan skor warna 2,67 (coklat kehitaman), aroma 2,04 (bau&#13;
tanah), dan tekstur 2,48 (remah dan halus), sesuai dengan standar kematangan&#13;
pupuk organik padat yang telah ditetapkan oleh Permentan No.01 Tahun 2019.&#13;
Dari segi finansial, usaha pembuatan pupuk bokashi dari kohe kambing dinilai&#13;
layak, dengan nilai RC/Ratio sebesar 1,38, BC/Ratio sebesar 0,38, BEP unit&#13;
sebanyak 73 kemasan, BEP harga sebesar Rp.15.000, dan ROI sebesar 138%.&#13;
Hal ini menunjukkan bahwa produksi pupuk bokashi dari kohe kambing dengan&#13;
penambahan bioaktivator MA11 terbukti efektif mempercepat proses fermentasi,&#13;
meningkatkan mutu pupuk, serta menghasilkan keuntungan yang menjanjikan.</subfield>
  </datafield>
  <datafield tag="336" ind1=" " ind2=" ">
   <subfield code="2">rdacontent</subfield>
   <subfield code="a">Text</subfield>
  </datafield>
  <datafield tag="337" ind1=" " ind2=" ">
   <subfield code="2">rdamedia</subfield>
   <subfield code="a">Buku Tercetak</subfield>
  </datafield>
  <datafield tag="338" ind1=" " ind2=" ">
   <subfield code="2">rdacarrier</subfield>
   <subfield code="a">Hardcopy</subfield>
  </datafield>
  <datafield tag="856" ind1=" " ind2=" ">
   <subfield code="a">https://repository.polbangtanmalang.ac.id/xmlui/handle/123456789/2143</subfield>
  </datafield>
  <datafield tag="264" ind1=" " ind2=" ">
   <subfield code="a">Malang :</subfield>
   <subfield code="b">Polbangtan Malang,</subfield>
   <subfield code="c">2025</subfield>
  </datafield>
  <datafield tag="990" ind1=" " ind2=" ">
   <subfield code="a">L.310-25154</subfield>
  </datafield>
 </record>
</collection>
